000 01282nam a2200277 a 4500
001 BRCA_7338
005 20190320205811.0
008 131112s2011----mx-a######---#000-0#spa-u
020 _a9786074162516
041 _aspa
044 _amx
050 4 _aZ210.I3
_b.P37 2011
100 1 _aPascoe, Juan
_918143
245 1 0 _aJosé María Idiáquez impresor en el oratorio de la congregación de San Felipe Neri de Oaxaca
_b1807-1826 : bibliografía y documentos
_cJuan Pascoe ; en colaboración con Claudia Ballesteros, Lérida Moya y Penélope Orozco ; textos bibliográficos de Nicolás León y José Toribio Medina ; introducción histórica de Moisés Guzmán Pérez ; prólogo de María Isabel Grañén Porrúa.
260 _aMéxico
_bFundación Alfredo Harp Helú Oaxaca
_c2011
300 _a387 p.
_bil. (algunas a color)
_c27 cm.
504 _aBibliografía: p. 375-379
600 1 4 _aIdiáquez, José María
_xvida y obra
_918144
600 1 4 _aIdiáquez, José María
_vBibliografía
_918145
650 1 4 _aImprenta
_xHistoria
_ySiglo XIX
_zOaxaca
_918146
700 1 _aBallesteros, Claudia
_ecoaut.
_918147
700 1 _aMoya, Lérida
_ecoaut.
_918148
700 1 _aOrozco, Penélope
_ecoaut.
_918149
700 1 _aGrañén Porrúa, María Isabel
_epról.
_917057
942 _2lcc
_cB
999 _c7014
_d7014